[Event "Regionalliga SO 1617"]
[Site "Bayern"]
[Date "2017.04.02"]
[Round "8.8"]
[White "Gehrmann, Ulrich"]
[Black "Fugger, Michael"]
[Result "1-0"]
[WhiteElo "1947"]
[BlackElo "1678"]
[PlyCount "111"]
[EventDate "2016.10.16"]
[EventType "team-tourn"]
[EventRounds "9"]
[EventCountry "GER"]
[SourceTitle "EXT 2019"]
[Source "ChessBase"]
[SourceDate "2018.10.10"]
[SourceVersion "1"]
[SourceVersionDate "2018.10.10"]
[SourceQuality "1"]
[WhiteTeam "Germering"]
[BlackTeam "Trostberg"]
[WhiteTeamCountry "GER"]
[BlackTeamCountry "GER"]

1. e4 c5 2. Nf3 d6 3. Bb5+ Bd7 4. Bxd7+ Nxd7 5. 0-0 Ngf6 6. Re1 e6 7. c3 Be7 8. d4 cxd4 9. cxd4 0-0 10. Nc3 Nb6 11. Bg5 h6 12. Bh4 Rc8 13. Rc1 Re8 14. Re2 g5 15. Bg3 Nh5 16. Rec2 Nxg3 17. hxg3 a6 18. g4 Bf6 19. Ne2 Rxc2 20. Qxc2 Qd7 21. Qb3 Qb5 22. Qxb5 axb5 23. Rc7 Re7 24. Rxe7 Bxe7 25. Ne1 d5 26. e5 f6 27. exf6 Bxf6 28. Nd3 Be7 29. b3 Nd7 30. g3 b4 31. f3 Kf7 32. Kf2 Kf6 33. f4 gxf4 34. gxf4 b6 35. Kf3 Bf8 36. Ng3 Kg6 37. f5+ exf5 38. gxf5+ Kf6 39. Nf4 Kf7 40. Nxd5 Bd6 41. Ne4 Bf8 42. Kg4 Kg7 43. f6+ Kg6 44. Nf4+ Kf7 45. Kf5 Nb8 46. Ng6 h5 47. Ne5+ Ke8 48. Kg5 Nd7 49. Kxh5 Nxf6+ 50. Nxf6+ Ke7 51. Kg6 Ke6 52. Nf7 b5 53. d5+ Ke7 54. Nh7 Ke8 55. Nxf8 Kxf8 56. Kf6 1-0

[Event "Regionalliga SO 0405"]
[Site "Bayern"]
[Date "2005.04.10"]
[Round "9.8"]
[White "Baumgartner, Jakob"]
[Black "Fugger, Michael"]
[Result "1/2-1/2"]
[WhiteElo "1842"]
[BlackElo "1811"]
[PlyCount "38"]
[EventDate "2004.10.24"]
[EventType "team-tourn"]
[EventRounds "9"]
[EventCountry "GER"]
[SourceTitle "EXT 2007"]
[Source "ChessBase"]
[SourceDate "2006.11.23"]
[SourceVersion "1"]
[SourceVersionDate "2006.11.23"]
[SourceQuality "1"]
[WhiteTeam "Dorfen PSV"]
[BlackTeam "Trostberg"]
[WhiteTeamCountry "GER"]
[BlackTeamCountry "GER"]

1. f4 d5 2. Nf3 c5 3. e3 g6 4. Nc3 e6 5. b3 Bg7 6. Bb2 Ne7 7. Be2 0-0 8. 0-0 Nbc6 9. Na4 b6 10. Bxg7 Kxg7 11. Nb2 Bb7 12. Nd3 Qc7 13. Nde5 Nxe5 14. fxe5 Rac8 15. c4 d4 16. exd4 cxd4 17. Qe1 Qc5 18. Bd3 Bxf3 19. gxf3 Nc6 1/2-1/2

[Event "Regionalliga SO 0405"]
[Site "Bayern"]
[Date "2004.12.12"]
[Round "4.8"]
[White "Bock, Ortwin"]
[Black "Fugger, Michael"]
[Result "1-0"]
[WhiteElo "1856"]
[BlackElo "1811"]
[PlyCount "119"]
[EventDate "2004.10.24"]
[EventType "team-tourn"]
[EventRounds "9"]
[EventCountry "GER"]
[SourceTitle "EXT 2007"]
[Source "ChessBase"]
[SourceDate "2006.11.23"]
[SourceVersion "1"]
[SourceVersionDate "2006.11.23"]
[SourceQuality "1"]
[WhiteTeam "Landshut"]
[BlackTeam "Trostberg"]
[WhiteTeamCountry "GER"]
[BlackTeamCountry "GER"]

1. Nc3 d5 2. e4 d4 3. Nce2 e5 4. Ng3 Nf6 5. Nf3 Bd6 6. Bc4 0-0 7. 0-0 Bg4 8. h3 Bd7 9. Qe2 a6 10. d3 b5 11. Bb3 Nc6 12. Nh4 Na5 13. Nhf5 Bxf5 14. Nxf5 c5 15. Bd2 Nxb3 16. axb3 Qd7 17. Ra2 Ra7 18. Rfa1 Rfa8 19. Bg5 Be7 20. Qf3 Qe6 21. Nxe7+ Qxe7 22. Ra5 Qe6 23. Bxf6 gxf6 24. Qg4+ Kf8 25. Qh5 Kg7 26. g4 Rg8 27. Kh2 Kh8 28. Rxb5 Qc6 29. Rba5 Rb8 30. Qf5 Kg7 31. g5 fxg5 32. Qxe5+ Qf6 33. Qxf6+ Kxf6 34. Rxa6+ Rxa6 35. Rxa6+ Ke5 36. Rc6 Rb5 37. Kg3 f5 38. exf5 Kxf5 39. Rh6 Rb7 40. f3 Rc7 41. h4 gxh4+ 42. Rxh4 Rg7+ 43. Rg4 Re7 44. Rf4+ Kg5 45. Re4 Rc7 46. f4+ Kf5 47. Re5+ Kf6 48. Kf3 Rc6 49. Ke4 h6 50. Kd5 Rc8 51. Re6+ Kg7 52. f5 Rh8 53. Ke5 h5 54. f6+ Kf7 55. Re7+ Kf8 56. Ke6 Rh6 57. Rc7 Kg8 58. Rc8+ Kh7 59. Kf5 h4 60. f7 1-0

[Event "Regionalliga SO 0304"]
[Site "Bayern"]
[Date "2004.02.15"]
[Round "6.8"]
[White "Fugger, Michael"]
[Black "Rusche, Johannes"]
[Result "0-1"]
[WhiteElo "1785"]
[BlackElo "1903"]
[PlyCount "70"]
[EventDate "2003.10.??"]
[EventType "team-tourn"]
[EventRounds "9"]
[EventCountry "GER"]
[SourceTitle "EXT 2006"]
[Source "ChessBase"]
[SourceDate "2005.11.24"]
[SourceVersion "1"]
[SourceVersionDate "2005.11.24"]
[SourceQuality "1"]
[WhiteTeam "Trostberg"]
[BlackTeam "Vogtareuth"]
[WhiteTeamCountry "GER"]
[BlackTeamCountry "GER"]

1. e4 c5 2. Nf3 e6 3. d4 cxd4 4. Nxd4 a6 5. Nc3 Qc7 6. Be2 Nf6 7. a3 b5 8. Qd3 d6 9. 0-0 Nbd7 10. Bg5 Bb7 11. f3 Be7 12. Kh1 Rc8 13. Rad1 Ne5 14. Qe3 0-0 15. Nb3 Rfd8 16. Bf4 Nc4 17. Bxc4 bxc4 18. Nc1 Bc6 19. e5 Nd5 20. Nxd5 exd5 21. Ne2 Bf8 22. Nc3 Qb7 23. Rb1 Re8 24. Qd4 dxe5 25. Bxe5 Re6 26. Bg3 Be7 27. Rfd1 Bf6 28. Qf2 Rce8 29. Qd2 d4 30. Na2 Re2 31. Qf4 Rxc2 32. Nb4 Rce2 33. Qc7 Bxf3 34. Qxb7 Bxb7 35. Rdc1 Rxg2 0-1

[Event "Regionalliga SO 0304"]
[Site "Bayern"]
[Date "2003.10.12"]
[Round "1.8"]
[White "Mayr, Florian"]
[Black "Fugger, Michael"]
[Result "1/2-1/2"]
[WhiteElo "2046"]
[BlackElo "1785"]
[PlyCount "100"]
[EventDate "2003.10.??"]
[EventType "team-tourn"]
[EventRounds "9"]
[EventCountry "GER"]
[SourceTitle "EXT 2006"]
[Source "ChessBase"]
[SourceDate "2005.11.24"]
[SourceVersion "1"]
[SourceVersionDate "2005.11.24"]
[SourceQuality "1"]
[WhiteTeam "Starnberg"]
[BlackTeam "Trostberg"]
[WhiteTeamCountry "GER"]
[BlackTeamCountry "GER"]

1. e4 c5 2. Nf3 d6 3. d4 cxd4 4. Nxd4 Nf6 5. Nc3 a6 6. Bd3 e6 7. Be3 Be7 8. f3 Nc6 9. Qd2 Nxd4 10. Bxd4 e5 11. Be3 Be6 12. Qf2 b5 13. Rd1 Rb8 14. 0-0 Qc7 15. Kh1 0-0 16. Qe1 Rfd8 17. Bg5 Ne8 18. Qg3 Bxg5 19. Qxg5 Nf6 20. f4 h6 21. Qh4 Qe7 22. Rd2 Nd5 23. Qxe7 Nxe7 24. f5 Bc4 25. f6 Ng6 26. g3 gxf6 27. Rxf6 Kg7 28. Rf3 Be6 29. b3 Ne7 30. Kg1 d5 31. exd5 Nxd5 32. Nxd5 Bxd5 33. Re3 f6 34. Bf5 Bf7 35. Red3 Rxd3 36. Rxd3 Rb7 37. Rd6 Rc7 38. Rxa6 Bg6 39. g4 Bxf5 40. gxf5 Rxc2 41. Ra7+ Kg8 42. a3 Rb2 43. b4 Ra2 44. Kh1 e4 45. Kg1 e3 46. Re7 Rxa3 47. Kf1 Rb3 48. Re4 Kf7 49. Ke2 Kf8 50. h4 h5 1/2-1/2

[Event "Regionalliga SO 0203"]
[Site "Bayern"]
[Date "2003.03.30"]
[Round "9.5"]
[White "Fugger, Michael"]
[Black "Schneider, Wolfgang"]
[Result "1/2-1/2"]
[WhiteElo "1797"]
[BlackElo "1889"]
[PlyCount "31"]
[EventDate "2002.10.20"]
[EventType "team-tourn"]
[EventRounds "9"]
[EventCountry "GER"]
[SourceTitle "EXT 2004"]
[Source "ChessBase"]
[SourceDate "2003.11.25"]
[SourceVersion "1"]
[SourceVersionDate "2003.11.25"]
[SourceQuality "1"]
[WhiteTeam "Trostberg"]
[BlackTeam "Freising"]
[WhiteTeamCountry "GER"]
[BlackTeamCountry "GER"]

1. e4 c5 2. Nf3 d6 3. d4 cxd4 4. Nxd4 Nf6 5. Nc3 a6 6. Be3 e6 7. Be2 Be7 8. 0-0 0-0 9. f4 Nbd7 10. Qe1 Qc7 11. Rd1 b6 12. Bf3 Bb7 13. h3 Rac8 14. Kh1 b5 15. a3 Nb6 16. Qe2 1/2-1/2

[Event "Landesliga Sued 9697"]
[Site "Bayern"]
[Date "1996.10.13"]
[Round "1"]
[White "Fugger, Michael"]
[Black "Turcan, Milan"]
[Result "0-1"]
[WhiteElo "1835"]
[BlackElo "2095"]
[PlyCount "72"]
[EventDate "1996.10.13"]
[EventType "team-tourn"]
[EventRounds "9"]
[EventCountry "GER"]
[SourceTitle "EXT 2020"]
[Source "ChessBase"]
[SourceDate "2019.10.17"]
[SourceVersion "1"]
[SourceVersionDate "2019.10.17"]
[SourceQuality "1"]
[WhiteTeam "Trostberg TSV"]
[BlackTeam "Muenchen Siemens"]
[WhiteTeamCountry "GER"]
[BlackTeamCountry "GER"]

1. e4 e6 2. d4 d5 3. Nc3 Bb4 4. e5 b6 5. Bd2 Nc6 6. Nf3 Qd7 7. a3 Bf8 8. Bd3 Bb7 9. h4 Nge7 10. g4 0-0-0 11. Rg1 f6 12. Ne2 Kb8 13. h5 fxe5 14. Nxe5 Nxe5 15. dxe5 c5 16. Ng3 Qc7 17. f4 c4 18. Be2 d4 19. Bb4 Nd5 20. Bd2 c3 21. Bc1 cxb2 22. Bxb2 Ne3 23. Qd3 Nxc2+ 24. Kf2 Nxa1 25. Rxa1 Bc5 26. Bf3 Bxf3 27. Kxf3 Rhf8 28. Re1 Qf7 29. f5 exf5 30. gxf5 Qd5+ 31. Kg4 Rde8 32. e6 g6 33. hxg6 hxg6 34. fxg6 Rxe6 35. Rxe6 Qxe6+ 36. Kg5 Qe5+ 0-1